00434 2200145 4500001002100000008004100021035002000062245005800082100001900140260003100159300002000190082001200210650005300222990001300275INLIS000000000000646 ind  a0010-0322000646 aKISAH NABI MUHAMMAD SHALLALLAHU ALAIHI WASALLAMcIKHA aGIBRAN MAULANA aSURABAYAbCV CAHAYA AGENCY a32 hlm.c27 cm. a297.912 aZAMAN NABI MUHAMMAD SAW - SIRAH ( RIWAYAT ) NABI a102870-1